| 000 | 01254nam a22002657a 4500 | ||
|---|---|---|---|
| 005 | 20140903174950.0 | ||
| 008 | 131108s2003 xxuad frn s001 0deng | ||
| 020 | _a0791457753 | ||
| 020 | _a0791457761 | ||
| 040 |
_aCO-BoUCM _cAngélica Rojas _dAldemar Mondragón _bspa |
||
| 041 | 0 | 0 | _aeng |
| 245 | 0 | 0 |
_aContested nature promoting international biodiversity with social justice in the twenty-first century _ceditado por Steven R. Brechin...[y otros] |
| 260 |
_aAlbany (New York, Estados Unidos) _bState University of New York Press _c2003 |
||
| 300 |
_axvi, 321 páginas _cilustraciones y gráficas |
||
| 504 | _aIncluye referencias bibliográficas e índices | ||
| 650 | 4 |
_aBiodiversity conservation _xSocial aspects _zDeveloping countries. _950111 |
|
| 650 | 7 |
_aBiodiversidad _xAspectos políticos _zPaíses en desarrollo _950112 |
|
| 650 | 7 |
_aProtección del medio ambiente _xAspectos políticos _zPaíses en desarrollo _950110 |
|
| 650 | 7 |
_aProtección del medio ambiente _xAspectos sociales _zPaíses en desarrollo _950109 |
|
| 690 |
_942878 _aMedio ambiente |
||
| 700 | 1 |
_aBrechin, Steven R. _d1953- _eeditor _950113 |
|
| 700 | 1 |
_aWilshusen, Peter R. _950114 |
|
| 942 |
_a7 _cLIBRO _e1 _mC761 _2DEWEY _h333.95 |
||
| 999 |
_c182441 _d182441 |
||